000 00897nam0a22002531 4500
001 rc\3541108
005 20130115144422.7
021 _aRU
_bРг3278-72
021 _aRU
_b71-9413
035 _a(NLR Aleph) 007633961
090 _a6053272
_c6053272
100 _a20130115d1971 |||y0rusy50 ca
101 0 _arus
102 _aRU
105 _ay z |||||
200 1 _aВлияние технического прогресса на развитие местной промышленности Таджикской ССР
_eОбзор
_fГосплан ТаджССР. Ин-т науч.-техн. информации и пропаганды
210 _aДушанбе
_cБ. и.
_d1971
215 _a31 с.
_d20
700 1 _aВолохин
_bИ. С.
_gИван Семенович
801 0 _aRU
_bNLR
_gpsbo
801 1 _aRU
_bELAR
_2rusmarc
852 _aNLR
_j72-4/4417
942 _cBOOK
980 _aNB